000 00336nam a22001217a 4500
003 OSt
005 20250924151241.0
008 250924b |||||||| |||| 00| 0 eng d
040 _cbWuzhou Chuanbo Press. China
082 _a931
_bYON
245 _aThe Great Wall of China
_bChina on the map
_cWei Min, Liu Xiaotao
942 _2ddc
_cBK
_k2025/0116
999 _c4134
_d4134